| 000 | 00371nam a2200145Ia 4500 | ||
|---|---|---|---|
| 008 | 220803s9999 xx 000 0 und d | ||
| 041 | _aeng | ||
| 082 | _a712.36 PAD | ||
| 100 |
_aPadmanabhan S _925372 |
||
| 245 | _aStand Up For The Greater Adjutant | ||
| 260 |
_aIndia _bEco Systems _c2014 |
||
| 300 | _a32p | ||
| 500 | _aLANDS | ||
| 650 |
_aLandscape Architecture _925373 |
||
| 999 |
_c16174 _d16174 |
||